LEADER 01237nam a2200313 i 4500 001 991002571249707536 005 20020508202504.0 008 960717s1973 it ||| | ita 035 $ab11029419-39ule_inst 035 $aPARLA165219$9ExL 040 $aDip.to Scienze Storiche Fil. e Geogr.$bita 100 1 $aFinley, Moses I.$0121381 245 13$aLa democrazia degli antichi e dei moderni /$cMoses I. Finley 260 $aBari :$bLaterza,$c1973 300 $avii, 109 p. ;$c18 cm. 490 0 $aSaggi tascabili Laterza ;$v5 500 $aTrad. G. Di Benedetto 650 4$aDemocrazia$yAntichitą$xSaggio critico 650 4$aDemocrazia$yAntichitą$xStoria 650 4$aDemocrazia$xStoria 700 1 $aDi Benedetto, Gianni 740 0 $aDemocracy Ancient and Modern 907 $a.b11029419$b23-02-17$c28-06-02 912 $a991002571249707536 945 $aLE007 938 FIN 01.01$g1$i2015000083159$lle007$o-$pE0.00$q-$rl$s- $t0$u3$v0$w3$x0$y.i11150270$z28-06-02 945 $aLE009 STOR.20-36$g1$i2009000358546$lle009$o-$pE0.00$q-$rl$s- $t0$u3$v0$w3$x0$y.i11150269$z28-06-02 996 $aDemocrazia degli antichi e dei moderni$993481 997 $aUNISALENTO 998 $ale007$ale009$b01-01-96$cm$da $e-$fita$git $h3$i2